000 00305nam a2200109Ia 4500
008 200302s9999 xx 000 0 und d
100 _aCindy Coleman, ed.
245 _aInterior Design Handbook of Professional Practice
260 _bMcgraw- hill International Book co.,
260 _c2002
300 _a783 P.,
999 _c1490
_d1490